000 00744cab a2200241 4500
001 WB2927-38
008 090401t1993 xxu||||| |||| 00| 0 eng d
035 _a(Sirsi) u72243
041 _aeng
245 _aAgents, runners and commission
260 _c1993
350 _a0
490 _aEstates Gazette
_v(9327) 10 July 1993, 123(1)
520 _aRaises the question of commission claims by residential estate agents after the "Farrant v Unisys Europa-Africa Ltd" 1993 decision.
650 _aCOMMISSION
650 _aESTATE AGENTS
650 _aINSTRUCTION
650 _aNON-COMPLETION
650 _aWRITTEN COMMUNICATION
690 _aMANAGEMENT-BUSINESS MANAGEMENT-PROFESSIONAL PRACTICE
942 _n0
948 _c04/03/1997
999 _c45618
_d45618